00988nam a22002177a 4500999001700000003000900017008004100026040007100067082002500138100003200163245008000195260003700275300003300312505020900345650003300554650002600587650002200613942001600635945002000651952009900671 c16517d16517AR-CdUCM190503b ||||| |||| 00| 0 spa d aMUNICIPALIDAD PROVINCIAL DEL CUSCOcBIBLIOTECA MUNICIPAL DEL CUSCO 22ed.a465.072 /bM22 aManacorda de Rosetti, Mabel aLa gramática estructural en la escuela secundaria :bsu valor formativo / aBuenos Aires :bKapelusz,c1964. aXII, 112 páginas ;c18 cm. aContenido: Contenido y orientación -- Fundamentos 3 -- Criterios en el estudio del hecho lingüístico -- Independencia de la teoría gramatical -- La teoría gramatical en la escuela secundaria ... aEducación Secundaria94648 aLingüística91640 aGramática99175 2ddccLIBROS aachld2019-05-3 002ddc4070aSHbSHcCARTd2019-05-03g40.00o465.072 / M22pSH0000011669r2019-05-03yLIBROS